000 01681nam0a22003011 4500
001 rc\1212160
005 20260406020237.0
035 _a(NLR Aleph) 005286612
090 _a6149928
_c6149928
100 _a20060306d1871 |||y0rusy50 ca
101 1 _arus
_cfre
102 _aRU
105 _ay b |||||
200 1 _aНовейшая адвокатура
_d(Le barreau moderne)
_fСоч. Жюля Ле-Беркье, адвоката при Верховном суде
_gПер. с франц. В.И. Кохнова
_zfre
210 _aМосква
_cУнив. тип. (Катков и К°)
_d1871
215 _aXII, 48 с.
_d23
300 _aВ 1871 г. к журналу были приложены только первые три листа перевода (с. 1-48). В 1872 г. вышел полный перевод, причем начало изд. было вновь перепеч. с изм. и доп. На тит. л. 1872 г.: "Жюль Ле-Беркье. Новейшая адвокатура. Пер. с франц. В.И. Кохнова"
311 _aПрил. к журн. Юрид. вестник. 1871, кн. 3-5, 8
422 0 _12001#$aЮридический вестник$v1871, кн. 3-5, 8
_tЮридический вестник
510 0 _a(Le barreau moderne)
_zfre
700 1 _7ca
_8rus
_aЛе-Беркье
_bЖ.
_f1819-1886
_gЖюль
_942361
_3RU\NLR\AUTH\7759430
702 1 _4730
_7ca
_8rus
_aКохнов
_bВ. И.
_cюрист
_f19 в.
_9104656
_3RU\NLR\AUTH\77121731
801 0 _aRU
_bNLR
_c20060306
_gpsbo
801 1 _aRU
_bProSoft-M
_c20060306
_2rusmarc
801 2 _aRU
_bNLR
_c20110720
_2rusmarc
852 _aNLR
_j2/1775
942 _cBOOK
980 _aNB